书目信息 |
| 题名: |
数字地球导论
|
|
| 作者: | 承继成 编著 | |
| 分册: | ||
| 出版信息: | 北京 科学出版社 2000.01 |
|
| 页数: | 253页 | |
| 开本: | 26cm | |
| 丛书名: | 地球信息科学基础丛书 | |
| 单 册: | ||
| 中图分类: | P91 | |
| 科图分类: | ||
| 主题词: | 数理地理学 | |
| 电子资源: | ||
| ISBN: | 7-03-007905-1 | |
| 000 | 00576nam0 2200205 45 | |
| 001 | 0009251576 | |
| 005 | 20050913165317.20 | |
| 010 | @a7-03-007905-1@dCNY35.00 | |
| 100 | @a20000925d2000 km y0chiy0120 ea | |
| 101 | 0 | @achi |
| 200 | 1 | @a数字地球导论@AShu Zi Di Qiu Dao Lun@f承继成等编著@FCheng Ji Cheng DengBian Zhu |
| 210 | @a北京@c科学出版社@d2000.01 | |
| 215 | @a253页@d26cm | |
| 225 | 2 | @a地球信息科学基础丛书 |
| 410 | 0 | @12001 @a地球信息科学基础丛书 |
| 606 | 0 | @a数理地理学 |
| 690 | @aP91@v1 | |
| 701 | 0 | @a承继成@4编著 |
| 801 | @aCN@bTSTC@c20050913 | |
| 905 | @dP91@e70 | |
| 数字地球导论/承继成等编著.-北京:科学出版社,2000.01 |
| 253页;26cm.-(地球信息科学基础丛书) |
| ISBN 7-03-007905-1:CNY35.00 |
| ● |
| 相关链接 |
|
|
|
|
正题名:数字地球导论
索取号:P91/70
 
预约/预借
| 序号 | 登录号 | 条形码 | 馆藏地/架位号 | 状态 | 备注 |
| 1 | 0290846 | 002908465 | 第三借阅区/ [索取号:P91/70] | 在馆 | |
| 2 | 0290847 | 002908474 | 第二样本阅览室/ [索取号:P91/70] | 在馆 | |
| 3 | 0295987 | 002959873 | 第三借阅区/ [索取号:P91/70] | 在馆 | |
| 4 | 0295988 | 002959882 | 第三借阅区/ [索取号:P91/70] | 在馆 | |
| 5 | 0295989 | 002959891 | 第三借阅区/ [索取号:P91/70] | 在馆 | |
| 6 | 0295990 | 002959908 | 第三借阅区/ [索取号:P91/70] | 在馆 | |
| 7 | 0295991 | 002959917 | 第三借阅区/ [索取号:P91/70] | 在馆 | |
| 8 | 0360853 | 3608536 | 第三借阅区/ [索取号:P91/70] | 在馆 | |
| 9 | 0360854 | 3608545 | 第三借阅区/ [索取号:P91/70] | 在馆 | |
| 10 | 0360855 | 3608554 | 第三借阅区/ [索取号:P91/70] | 在馆 |